Maya Handschrift Der Sächsischen Landesbibliothek Dresden, Codex Dresdensis (Record no. 9188)

MARC details
000 -CABECERA
campo de control de longitud fija 00757nam a2200229 a 4500
001 - NÚMERO DE CONTROL
campo de control BRL_375
005 - FECHA Y HORA DE LA ÚLTIMA TRANSACCIÓN
campo de control 20190320210718.0
008 - DATOS DE LONGITUD FIJA--INFORMACIÓN GENERAL
campo de control de longitud fija 050813s1962----gw-a######---#000-0#der-#
041 ## - CÓDIGO DE LENGUA
Código de lengua del texto/banda sonora o título independiente ger
044 ## - CÓDIGO DEL PAÍS DE LA ENTIDAD EDITORA/PRODUCTORA
Código MARC del país gw
050 #4 - SIGNATURA TOPOGRÁFICA DE LA BIBLIOTECA DEL CONGRESO
Número de clasificación F1435.3.P6
Número de documento/Ítem .M39 1962
100 1# - ENTRADA PRINCIPAL--NOMBRE DE PERSONA
Nombre de persona Deckert, Helmut
9 (RLIN) 23697
245 10 - MENCIÓN DE TÍTULO
Título Maya Handschrift Der Sächsischen Landesbibliothek Dresden, Codex Dresdensis
Mención de responsabilidad, etc. Geschichte und Bibliographie von Helmut Deckert
260 ## - PUBLICACIÓN, DISTRIBUCIÓN, ETC.
Lugar de publicación, distribución, etc. Berlin
Nombre del editor, distribuidor, etc. Akademie-Verlág
Fecha de publicación, distribución, etc. 1962
300 ## - DESCRIPCIÓN FÍSICA
Extensión 86 p.
Otras características físicas il. (facsímil en caja)
Dimensiones 30 cm.
Material acompañante/anejo 1 folleto + 74 laminas a color
500 ## - NOTA GENERAL
Nota general Au353
504 ## - NOTA DE BIBLIOGRAFÍA, ETC.
Nota de bibliografía, etc. Incluye bibliografía p. 49-86
630 04 - PUNTO DE ACCESO ADICIONAL DE MATERIA--TÍTULO UNIFORME
Título uniforme Codex Desdrensis Maya
9 (RLIN) 23698
650 14 - PUNTO DE ACCESO ADICIONAL DE MATERIA--TÉRMINO DE MATERIA
Término de materia o nombre geográfico como elemento de entrada Manuscritos mayas
Subdivisión general Facsimiles
9 (RLIN) 23699
902 ## - CATALOGADOR
Iniciales GRL
942 ## - ELEMENTOS DE PUNTO DE ACCESO ADICIONAL (KOHA)
Fuente del sistema de clasificación o colocación Library of Congress Classification
Tipo de ítem Koha Libros
Holdings
Estado de retiro Estado de pérdida Estado dañado No para préstamo Localización permanente Ubicación/localización actual Fecha de adquisición Número de inventario Total de préstamos Signatura topográfica completa Código de barras Fecha visto por última vez Precio válido a partir de Tipo de ítem Koha
El ejemplar forma parte de la colección y puede ser consultado según las políticas vigentes.       Biblioteca Centro de Estudios Ruth D. Lechuga Biblioteca Centro de Estudios Ruth D. Lechuga 05/08/2013 Au353   F1435.3.P6 .M39 1962 (Au353) GRL00400 22/03/2019 22/03/2019 Libros